000
00309nam a22001217a 4500
008
160521b xxu||||| |||| 00| 0 eng d
020
_a
9780763762599
020
_a
9780763762599
041
_a
eng
080
_a
579
245
_a
Alcamos fundamentals of microbiology:
_c
Jeffrey C. Pommerville;
942
_2
udc
_c
BK
999
_c
2336
_d
2336